Normal view
MARC view
- PERFORMANCE EVALUATION
Entry Topical Term
001 - CONTROL NUMBER
- control field: 60194
003 - CONTROL NUMBER IDENTIFIER
- control field: NUST
005 - DATE AND TIME OF LATEST TRANSACTION
- control field: 20210628202512.0
008 - FIXED-LENGTH DATA ELEMENTS
- fixed length control field: 210628|| aca||aabn | a|a d
040 ## - CATALOGING SOURCE
- Original cataloging agency: NUST
- Transcribing agency: NUST
150 ## - HEADING--TOPICAL TERM
- Topical term or geographic name entry element: PERFORMANCE EVALUATION
670 ## - SOURCE DATA FOUND
- Source citation: Work cat.: (NUST): Singh, Harvinder 30408, Performance evaluation of state enterprises, 2000
